Sobotta. Atlas de Anatomía Humana. (Registro nro. 3189)
[ vista simple ]
| 000 -LEADER | |
|---|---|
| fixed length control field | 01167nam a2200325 a 4500 |
| 005 - FECHA ULTIMA MODIFICACION | |
| control field | 20240805094416.0 |
| 008 - CAMPO DE CONTROL (LIBRO) | |
| fixed length control field | 100623e2003||||sp a f |||| 001 0 spa d |
| 020 ## - INTERNATIONAL STANDARD BOOK NUMBER | |
| ISBN | 8479035315 |
| 041 ## - CODIGO DE IDIOMA | |
| Código de idioma del texto/pista de sonido o título separado | spa |
| 092 ## - SIGNATURA TOPOGRAFICA DEWEY LOCAL | |
| número de clasificación | 611.022 |
| libristica | 69 |
| sección | PUT |
| 100 1# - ENTRADA PRINCIPAL--NOMBRE PERSONAL | |
| Nombre personal | Putz, Reinhard V. |
| Función | Ed. |
| 9 (RLIN) | 1178 |
| 245 ## - TITULO PROPIAMENTE DICHO | |
| Título | Sobotta. Atlas de Anatomía Humana. |
| Subtítulo y Título paralelo | T.1 Cabeza, Cuello y Miembro Superior / |
| Mención de responsabilidad y remanente de la transcripción de la portada | Reinhard V. Putz |
| 250 ## - MENCION DE EDICION | |
| Mención de edición | 21 a ed. 3a reimp. en español |
| Mención de responsabilidad relacionada con la ed. | Traducción Alfonso Llamas ; José Luís Velayos e Ignacio Navascués. |
| 260 ## - PIE DE IMPRENTA | |
| Lugar de publicación, distribución, etc | Madrid: |
| Nombre de la editorial, distribuidor, etc | Editorial Médica Panamericana; |
| Fecha de publicación | 2003. |
| 300 ## - DESCRIPCION FISICA | |
| Extension | 428 p. |
| Otros detalles físicos | 683 ilustraciones ; 76 cuadros |
| 500 ## - NOTA GENERAL | |
| Nota general | Putz, R., Pabst, R. (Eds.) y Putz, R. (Col.). (2003). Sobotta. Atlas de anatomía humana. T.1 Cabeza, Cuello y Miembro Superior. (21a ed.). Madrid : Editorial Médica Panamericana. |
| 653 ## - TÉRMINO INDIZADO - PALABRAS CLAVES | |
| Palabra clave | Anatomía general |
| 653 ## - TÉRMINO INDIZADO - PALABRAS CLAVES | |
| Palabra clave | Cabeza y cuello |
| 653 ## - TÉRMINO INDIZADO - PALABRAS CLAVES | |
| Palabra clave | Miembro superior |
| 653 ## - TÉRMINO INDIZADO - PALABRAS CLAVES | |
| Palabra clave | Encéfalo |
| 653 ## - TÉRMINO INDIZADO - PALABRAS CLAVES | |
| Palabra clave | Ojo |
| 653 ## - TÉRMINO INDIZADO - PALABRAS CLAVES | |
| Palabra clave | Oído |
| 700 1# - ENTRADAS SECUNDARIAS - NOMBRE PERSONAL | |
| Nombre personal | Pabst, Reinhard. |
| Función | Ed. |
| 9 (RLIN) | 1179 |
| 700 1# - ENTRADAS SECUNDARIAS - NOMBRE PERSONAL | |
| Nombre personal | Putz, Renate. |
| Función | Col. |
| 9 (RLIN) | 4090 |
| 930 ## - NUMERO DE INVENTARIO | |
| Número de inventario | 579 |
| 930 ## - NUMERO DE INVENTARIO | |
| Número de inventario | 581 |
| 930 ## - NUMERO DE INVENTARIO | |
| Número de inventario | 1634 |
| 930 ## - NUMERO DE INVENTARIO | |
| Número de inventario | 580 |
| 942 ## - ADDED ENTRY ELEMENTS (KOHA) | |
| Source of classification or shelving scheme | Dewey Decimal Classification |
| Item type | Libros |
| Estado de retiro | Existencia | Fuente de clasificación | Estado general | No para prestamo | Ubicación permanente | ubicación actual | Sala de ubicación | Fecha de adquisición | Fuente de adquisición | Total Checkouts | Total Renewals | Número de clasificación | Código de barras | Date last seen | Date last borrowed | Número de ejemplar | Price effective from | Koha tipo de elemento (item) | Public note | Coded location qualifier |
|---|---|---|---|---|---|---|---|---|---|---|---|---|---|---|---|---|---|---|---|---|
| Dewey Decimal Classification | Biblioteca Medicina | Biblioteca Medicina | Circulación | 05/08/2024 | Donación Tilleria, Rubén. Agosto 2024. | 13 | 1 | 611.022 69 PUT | 4892 | 02/06/2026 | 22/05/2026 | Ej.5 | 05/08/2024 | Libros | Donación Tilleria, Rubén. Agosto 2024. |